| 000 | 00963nam a2200253Ia 4500 | ||
|---|---|---|---|
| 005 | 20170727152306.0 | ||
| 010 | _aBAC-EN21 ENG-112045 | ||
| 020 |
_a9789381506097 _c295.00 |
||
| 035 | _aEN-95576 | ||
| 035 | _aB-580471-502 | ||
| 035 | _aB-667331 | ||
| 037 |
_bAakar/Ven _adpl |
||
| 037 | _bDBAD/PUB | ||
| 082 | _a388.472095456 | ||
| 100 | _aJohn, Wilson | ||
| 245 |
_aMind the gap : _cby Wilson John _bwalking Delhi with the metro / |
||
| 260 |
_c2013 _aNew Delhi _bAmaryllis |
||
| 270 |
_a7/32, Ground Floor, Ansari Road, Daryaganj _bNew Delhi _e110002 |
||
| 300 |
_c22cm(pbk) _a175p.: _bill. |
||
| 500 | _aIncludes bibliographical references and index | ||
| 942 |
_cEN _2ddc _mJOH _h388.472095456 |
||
| 999 |
_c88755 _d88755 |
||